• 首页
  • 本馆介绍
  • 公告通知
  • 最新文献
  • 馆藏检索
  • 电子资源
  • 读者导购
  • 参考咨询
  • 我的图书馆
  • 登录
  • 详细信息显示
  • 放入我的书架
  • 预约/预借图书
  • 作者相关作品
  • 分类相关作品
  • 丛书相关作品
  • 出版社相关作品

书目信息

  • 表格格式
  • 工作单格式
  • 卡片格式
题名:
激光测距
    
 
作者: 宋玮 , 高林奎 编
分册:  
出版信息: 北京   人民铁道出版社  1977
页数: 262页
开本: 19cm
丛书名:
单 册:
中图分类: P225.2
科图分类:
主题词: 激光测距
电子资源:
ISBN:
000 00580nam0 2200229 45
001 0177001180
005 20070930153846.50
010    @dCNY0.60
100    @a19951018d1977 em y0chiy0121 ea
101 0  @achi
102    @aCN@b110000
105    @ay z 000yy
200 10 @a激光测距@Aji guang ce ju@f高林奎,宋玮编
210    @a北京@c人民铁道出版社@d1977
215    @a262页@d19cm
606    @a激光测距
690    @aP225.2@v3
701  0 @a宋玮@Asong wei@4编
701  0 @a高林奎@Agao lin kui@4编
801  2 @aCN@bNLC@c20070930
801  0 @aCN@bTSSF
905    @a10447@dP225.2@e179
    
    激光测距/高林奎,宋玮编.-北京:人民铁道出版社,1977
    262页;19cm
    
    
    ISBN :CNY0.60
    
●
相关链接 在E读中查询图书 在五车中查询图书 在当当中查询图书 在豆瓣中查询图书


正题名:激光测距     索取号:P225.2/179         预约/预借

序号 登录号 条形码 馆藏地/架位号 状态 备注
1 626255   206262550   密集书库/ [索取号:P225.2/179] 在馆    
唐山师范学院图书馆 欢迎您!
大连网信软件有限公司© 版权所有